Naqsh kaf-i pā : (Record no. 62194)

MARC details
000 -LEADER
fixed length control field 00575cam a2200205 a 4500
001 - CONTROL NUMBER
control field sa 65001737
003 - CONTROL NUMBER IDENTIFIER
control field DLC
005 - DATE AND TIME OF LATEST TRANSACTION
control field 20260227112111.0
008 - FIXED-LENGTH DATA ELEMENTS--GENERAL INFORMATION
fixed length control field 890825s1962 pk 000 p urdo
010 ## - LIBRARY OF CONGRESS CONTROL NUMBER
LC control number sa 65001737
035 ## - SYSTEM CONTROL NUMBER
System control number (OCoLC)20258332
040 ## - CATALOGING SOURCE
Original cataloging agency DLC
Transcribing agency DLC
Modifying agency DLC
050 00 - LIBRARY OF CONGRESS CALL NUMBER
Classification number PK2200.J5
Item number N3 1962
100 0# - MAIN ENTRY--PERSONAL NAME
Personal name Jīlānī Kāmrān,
Dates associated with a name 1926-2003.
245 10 - TITLE STATEMENT
Title Naqsh kaf-i pā :
Remainder of title ek lambī naẓm /
Statement of responsibility, etc. Jīlānī Kāmrān.
250 ## - EDITION STATEMENT
Edition statement 1. ishāʻat.
260 ## - PUBLICATION, DISTRIBUTION, ETC.
Place of publication, distribution, etc. Lāhaur :
Name of publisher, distributor, etc. Maktabah-yi Adab-i Jadīd,
Date of publication, distribution, etc. 1962.
300 ## - PHYSICAL DESCRIPTION
Extent 49 p. ;
Dimensions 22 cm.
546 ## - LANGUAGE NOTE
Language note In Urdu.

No items available.

Powered by Koha